000 00580cam a2200217 4500
001 D9904
008 090401t1983 xxu||||| |||| 00| 0 eng d
035 _a(Sirsi) u23226
041 _aeng
050 _a692.3
100 _aWillis, Arthur J
245 _aSpecification writing for architects and surveyors
250 _a8th
260 _aLondon
_bGranada
_c1983
300 _axi. 100p. 21cm. + 1 plan 34 cm x 45 cm folded to 17 cm x 1
350 _a7.95
520 _aPlan attached to back cover
700 _aWillis, Christopher J
942 _n0
948 _c04/03/1997
999 _c88356
_d88356